100 nejkrásnějších chrámů světa : Největší poklady lidstva na pěti kontinentech
Salvato in:
| Natura: | Libro |
|---|---|
| Lingua: | ceco |
| Pubblicazione: |
Dobřejovice :
Rebo Productions,
2003
|
| Edizione: | 1.vyd. |
| Tags: |
Nessun Tag, puoi essere il primo ad aggiungerne!!
|
MARC
| LEADER | 00000nam a22000003a 4500 | ||
|---|---|---|---|
| 001 | stu154403 | ||
| 005 | 20150408182449.7 | ||
| 008 | 080102s2003----xr------------------cze-d | ||
| 020 | |a 80-7234-301-7 | ||
| 040 | |a STU |b slo | ||
| 041 | 0 | |a cze | |
| 044 | |a xr | ||
| 080 | |a 72 | ||
| 245 | |a 100 nejkrásnějších chrámů světa : |b Největší poklady lidstva na pěti kontinentech | ||
| 250 | |a 1.vyd. | ||
| 260 | |a Dobřejovice : |b Rebo Productions, |c 2003 | ||
| 300 | |a 208 s.;obr | ||
| 500 | |a prel. z nemeckého orig. | ||
| 996 | |b 284V030342 |c V*49551/O-21920 |l VVT |s A |a 24 |w stu154403_0001 | ||